| 000 | 00419nam a2200133Ia 4500 | ||
|---|---|---|---|
| 008 | 170516s9999 xx 000 0 und d | ||
| 245 | _aDimerization of a Phage-Display Selected Peptide for Imaging of αvβ6- Integrin: Two Approaches to the Multivalent Effect | ||
| 260 | _bTheranostics | ||
| 260 | _c2014 | ||
| 300 | _a4:7 | ||
| 650 | _xMedical Technology | ||
| 650 | _xMedtech | ||
| 856 | _uhttp://www.thno.org/v4i7 | ||
| 999 |
_c330189 _d330189 |
||